000 00509nam a2200181Ia 4500
005 20250326125200.0
008 250326s9999 xx 000 0 und d
037 _aTextbook
040 _aFMSL
_beng
_cFMSL
041 _aeng
_2eng
084 _aX()Y.44'M L2
_qFMSL
100 _aGautam V
_991256
245 0 _aAspectsof Indian society and economy
_cGautam V
260 _aDelhi
_bDelhi, Motilal Banarsidass
_c1972
300 _a201p
942 _cTB
_hX()Y.44'M L2
999 _c1276901
_d1276901